LIBRARY & INFORMATION CENTRE, KCAET, TAVANUR

ONLINE PUBLIC ACCESS CATALOGUE (OPAC)

Solar Energy Utilisation : Text book for Engineering Students / (Record no. 1747)

MARC details
000 -LEADER
fixed length control field 00418cam a2200157ua 4500
003 - CONTROL NUMBER IDENTIFIER
control field OSt
008 - FIXED-LENGTH DATA ELEMENTS--GENERAL INFORMATION
fixed length control field 241029b |||||||| |||| 00| 0 eng d
020 ## - INTERNATIONAL STANDARD BOOK NUMBER
ISBN 8174091842
082 ## - DEWEY DECIMAL CLASSIFICATION NUMBER
Classification number 621.47
Item number RAI/SO
100 ## - MAIN ENTRY--AUTHOR NAME
Personal name Rai, G.D .
245 ## - TITLE STATEMENT
Title Solar Energy Utilisation : Text book for Engineering Students /
250 ## - EDITION STATEMENT
Edition statement 5 th
260 ## - PUBLICATION, DISTRIBUTION, ETC. (IMPRINT)
Place of publication New Delhi
Name of publisher Khanna publishers ,
Year of publication 2012
300 ## - PHYSICAL DESCRIPTION
Number of Pages 644
Other physical details ` ; .
942 ## - ADDED ENTRY ELEMENTS (KOHA)
Koha item type Books
Holdings
Withdrawn status Lost status Damaged status Home library Current library Date acquired Full call number Accession Number Koha item type Collection code Shelving location Cost, normal purchase price Source of acquisition
Withdrawn     KAUAET KAUAET 07/04/2012 621.47 RAI/SO 14604 Books        
    Damaged KAUAET KAUAET 07/04/2012 621.47 RAI/SO 14607 Books        
      KAUAET KAUAET 31/03/2012 621.47 RAI/SO 23272 Books Non-fiction General Stacks 185.00  
      KAUAET KAUAET 31/03/2012 621.47 RAI/SO 23273 Books Non-fiction General Stacks 185.00  
      KAUAET KAUAET 31/03/2012 621.47 RAI/SO 23274 Books Non-fiction General Stacks 185.00  
      KAUAET KAUAET 31/03/2012 621.47 RAI/SO 23275 Books Non-fiction General Stacks 185.00  
      KAUAET KAUAET 31/03/2012 621.47 RAI/SO 23276 Books Non-fiction General Stacks 185.00  
      KAUAET KAUAET 31/03/2012 621.47 RAI/SO 23277 Books Non-fiction Shelf- 7A 185.00  
      KAUAET KAUAET 31/03/2012 621.47 RAI/SO 23278 Books Non-fiction Shelf- 7A 185.00  
      KAUAET KAUAET 31/03/2012 621.47 RAI/SO 23279 Books Non-fiction Shelf- 7A 185.00  
      KAUAET KAUAET 31/03/2012 621.47 RAI/SO 23280 Books Non-fiction General Stacks 185.00  
      KAUAET KAUAET 31/03/2012 621.47 RAI/SO 23281 Books Non-fiction General Stacks 185.00  
      KAUAET KAUAET 31/03/2012 621.47 RAI/SO 23282 Books Non-fiction General Stacks 185.00  
      KAUAET KAUAET 31/03/2012 621.47 RAI/SO 23283 Books Non-fiction General Stacks 185.00  
      KAUAET KAUAET 31/03/2012 621.47 RAI/SO 23284 Books Non-fiction General Stacks 185.00  
      KAUAET KAUAET 31/03/2012 621.47 RAI/SO 23285 Books Non-fiction General Stacks 185.00  
      KAUAET KAUAET 31/03/2012 621.47 RAI/SO 23286 Books Non-fiction General Stacks 185.00  
      KAUAET KAUAET 13/03/2013 621.47 RAI/SO BB 237 Book Bank scheme for SC students Non-fiction Scheme 185.00 Calicut Book Distributors
      KAUAET KAUAET 13/03/2013 621.47 RAI/SO BB 238 Book Bank scheme for SC students Non-fiction Scheme 185.00 Calicut Book Distributors
free website counter